<?xml version="1.0" encoding="UTF-8"?>
<record
    xmlns:xsi="http://www.w3.org/2001/XMLSchema-instance"
    xsi:schemaLocation="http://www.loc.gov/MARC21/slim http://www.loc.gov/standards/marcxml/schema/MARC21slim.xsd"
    xmlns="http://www.loc.gov/MARC21/slim">

  <leader>04490cam a22004338i 4500</leader>
  <controlfield tag="001">21932127</controlfield>
  <controlfield tag="003">CSPC</controlfield>
  <controlfield tag="005">20251006152501.0</controlfield>
  <controlfield tag="008">210309s2021    enk      b    001 0 eng  </controlfield>
  <datafield tag="010" ind1=" " ind2=" ">
    <subfield code="a">  2020055410</subfield>
  </datafield>
  <datafield tag="020" ind1=" " ind2=" ">
    <subfield code="a">9780367523701</subfield>
    <subfield code="q">(paperback)</subfield>
  </datafield>
  <datafield tag="035" ind1=" " ind2=" ">
    <subfield code="a">21932127</subfield>
  </datafield>
  <datafield tag="040" ind1=" " ind2=" ">
    <subfield code="a">DLC</subfield>
    <subfield code="b">eng</subfield>
    <subfield code="e">rda</subfield>
    <subfield code="c">DLC</subfield>
    <subfield code="d">CSPC</subfield>
  </datafield>
  <datafield tag="042" ind1=" " ind2=" ">
    <subfield code="a">pcc</subfield>
  </datafield>
  <datafield tag="043" ind1=" " ind2=" ">
    <subfield code="a">az-----</subfield>
    <subfield code="a">as-----</subfield>
  </datafield>
  <datafield tag="050" ind1="0" ind2="0">
    <subfield code="a">LB1584.5.S64</subfield>
    <subfield code="b">S63 2021</subfield>
  </datafield>
  <datafield tag="082" ind1="0" ind2="0">
    <subfield code="a">372.8959</subfield>
    <subfield code="b">So131</subfield>
    <subfield code="2">23</subfield>
  </datafield>
  <datafield tag="245" ind1="0" ind2="0">
    <subfield code="a">Social studies education in South and South East Asian contexts /</subfield>
    <subfield code="c">Edited by Kerry J. Kennedy.</subfield>
  </datafield>
  <datafield tag="263" ind1=" " ind2=" ">
    <subfield code="a">2106</subfield>
  </datafield>
  <datafield tag="264" ind1=" " ind2="1">
    <subfield code="a">Abingdon, Oxon ;</subfield>
    <subfield code="a">New York, NY :</subfield>
    <subfield code="b">Routledge,</subfield>
    <subfield code="c">2022.</subfield>
  </datafield>
  <datafield tag="300" ind1=" " ind2=" ">
    <subfield code="a">xvii, 242 pages :</subfield>
    <subfield code="b">illustrations ;</subfield>
    <subfield code="c">23 cm.</subfield>
  </datafield>
  <datafield tag="336" ind1=" " ind2=" ">
    <subfield code="a">text</subfield>
    <subfield code="b">txt</subfield>
    <subfield code="2">rdacontent</subfield>
  </datafield>
  <datafield tag="337" ind1=" " ind2=" ">
    <subfield code="a">unmediated</subfield>
    <subfield code="b">n</subfield>
    <subfield code="2">rdamedia</subfield>
  </datafield>
  <datafield tag="338" ind1=" " ind2=" ">
    <subfield code="a">volume</subfield>
    <subfield code="b">nc</subfield>
    <subfield code="2">rdacarrier</subfield>
  </datafield>
  <datafield tag="490" ind1="0" ind2=" ">
    <subfield code="a">Routledge series on schools and schooling in Asia</subfield>
  </datafield>
  <datafield tag="504" ind1=" " ind2=" ">
    <subfield code="a">Includes bibliographical references and index.</subfield>
  </datafield>
  <datafield tag="505" ind1="0" ind2=" ">
    <subfield code="a">Section 1. A theoretical perspective on social studies education -- An exploration of social studies education in Asian contexts -- Section 2. Politics, culture and reform in South/ South East Asian social studies education -- Postcolonial national identity formation through social studies: the case of India -- Developing loyal citizens: a case of social studies education in Pakistan -- Social studies education in Bangladesh: contextual influences, reforms and development and curriculum -- Social studies education in Singapore: from cultural transmission to social transformation -- Social studies curriculum in Thailand: a contested terrain -- Social studies as citizenship transmission in Indonesian schools -- The development of social studies education in Myanmar -- Section 3. Social studies education in South and South East Asian classrooms -- Marginalised students and their contexts: a case from India -- teaching and learning in social studies classrooms in Pakistan -- Civic and citizenship education in Bangladesh -- Discussion and inquiry in Singapore social studies -- 'Noble character' as a focus in moral education in Malaysia -- Adaptive model of social studies learning and classroom culture in Indonesian schools -- Teaching history in Myanmar: nation building or national reconciliation? -- Section 4. Lessons from Asian contexts for social studies education -- Interrogating the nature of Asian social studies.</subfield>
  </datafield>
  <datafield tag="520" ind1=" " ind2=" ">
    <subfield code="a">"The education of young people is context bound. This edited volume explores the contexts that characterise South and South East Asia and their influence on social studies education. There is not a single context across this broad geographical expanse, rather, different religions, different political systems and different values exert influences that create distinctive programmes that characterise different countries. Yet there are also commonalities such as the post-colonial nature of most of the countries portrayed in this book, determined efforts at establishing new national communities and multiple value systems that lead to distinctive local priorities. There are also voices of resistance in these chapters recognizing the realities of local contexts but also recognizing the need for change. Social studies education in these contexts may well be descended from its origins in North America but in South and South Asian contexts it has taken on new purposes, new forms and new values. Education researchers, policy makers and postgraduate students in comparative education will find the volume useful in its exploration and comparison of the social studies curricular and reforms that shaped them"--</subfield>
    <subfield code="c">Provided by publisher.</subfield>
  </datafield>
  <datafield tag="650" ind1=" " ind2="0">
    <subfield code="a">Social sciences</subfield>
    <subfield code="x">Study and teaching (Elementary)</subfield>
    <subfield code="z">South Asia.</subfield>
  </datafield>
  <datafield tag="650" ind1=" " ind2="0">
    <subfield code="a">Social sciences</subfield>
    <subfield code="x">Study and teaching (Elementary)</subfield>
    <subfield code="z">Southeast Asia.</subfield>
  </datafield>
  <datafield tag="650" ind1=" " ind2="0">
    <subfield code="a">Social sciences</subfield>
    <subfield code="x">Study and teaching (Secondary)</subfield>
    <subfield code="z">South Asia.</subfield>
  </datafield>
  <datafield tag="650" ind1=" " ind2="0">
    <subfield code="a">Social sciences</subfield>
    <subfield code="x">Study and teaching (Secondary)</subfield>
    <subfield code="z">Southeast Asia.</subfield>
  </datafield>
  <datafield tag="700" ind1="1" ind2=" ">
    <subfield code="a">Kennedy, Kerry J.,</subfield>
    <subfield code="e">editor.</subfield>
  </datafield>
  <datafield tag="776" ind1="0" ind2="8">
    <subfield code="i">Online version:</subfield>
    <subfield code="t">Social studies education in South and South East Asian contexts</subfield>
    <subfield code="d">Abingdon, Oxon ; New York, NY : Routledge, 2021.</subfield>
    <subfield code="z">9781003057598</subfield>
    <subfield code="w">(DLC) 2020055411</subfield>
  </datafield>
  <datafield tag="906" ind1=" " ind2=" ">
    <subfield code="a">7</subfield>
    <subfield code="b">cbc</subfield>
    <subfield code="c">orignew</subfield>
    <subfield code="d">1</subfield>
    <subfield code="e">ecip</subfield>
    <subfield code="f">20</subfield>
    <subfield code="g">y-gencatlg</subfield>
  </datafield>
  <datafield tag="942" ind1=" " ind2=" ">
    <subfield code="2">ddc</subfield>
    <subfield code="c">BK</subfield>
    <subfield code="e">23</subfield>
    <subfield code="h">372.8959</subfield>
    <subfield code="i">So131</subfield>
    <subfield code="k">CIR</subfield>
    <subfield code="m">2022</subfield>
    <subfield code="n">0</subfield>
  </datafield>
  <datafield tag="952" ind1=" " ind2=" ">
    <subfield code="0">0</subfield>
    <subfield code="1">0</subfield>
    <subfield code="2">ddc</subfield>
    <subfield code="4">0</subfield>
    <subfield code="7">0</subfield>
    <subfield code="a">CSPC</subfield>
    <subfield code="b">CSPC</subfield>
    <subfield code="c">CIR</subfield>
    <subfield code="d">2025-10-06</subfield>
    <subfield code="l">0</subfield>
    <subfield code="o">CIR 372.8959 So131 2022</subfield>
    <subfield code="p">030405</subfield>
    <subfield code="r">2025-10-06 15:22:28</subfield>
    <subfield code="t">1-1</subfield>
    <subfield code="w">2025-10-06</subfield>
    <subfield code="y">BK</subfield>
  </datafield>
  <datafield tag="999" ind1=" " ind2=" ">
    <subfield code="c">30601</subfield>
    <subfield code="d">30601</subfield>
  </datafield>
</record>
